000
00259nam a22001097a 4500
008
160511b xxu||||| |||| 00| 0 eng d
020
_a
10577416
041
_a
eng
080
_a
316.77
245
_a
The first amendment:
_c
Media studies journal;
942
_2
udc
_c
BK
999
_c
2032
_d
2032